| 000 | 00623nam a2200229Ia 4500 | ||
|---|---|---|---|
| 003 | OSt | ||
| 005 | 20220928135614.0 | ||
| 006 | a|||||r|||| 00| 0 | ||
| 007 | ta | ||
| 008 | 220927b |||||||| |||| 00| 0 eng d | ||
| 024 | _a3631 | ||
| 037 | _cTextual | ||
| 040 |
_aSDCL _cSDCL _beng |
||
| 041 |
_2eng _aeng |
||
| 082 | _aX:5381(X)'N8, M3 | ||
| 100 |
_aPavlic Breda Ed. _9491930 |
||
| 245 | 0 | _aChallenges of south-south cooperation | |
| 260 | _c1983 | ||
| 700 |
_a Uranga Raul R Ed. _9491931 |
||
| 942 |
_hX:5381(X)'N8, M3 _cTEXL _2CC |
||
| 999 |
_c807366 _d807366 |
||